Video remote sensing : new ways for the Philippine national forest inventory

Bibliographic Details
Main Author: SCHADE
Format: Book
Published: (Philippines : s.l.) , 1987
Series:FRI-report; no. 12
Subjects:

MARC

LEADER 00000cam a2200000 7i4500
001 0000002866
005 20040127.0
090 0 0 |a 634.9285   |b SCH 1987 
100 1 0 |a SCHADE   |h J. 
245 1 0 |a Video remote sensing :   |b new ways for the Philippine national forest inventory   |c J. Schade 
260 0 0 |a (Philippines :   |b s.l.) ,   |c 1987 
300 |a 41 p. :   |b ill., maps ;   |c 30 cm. 
440 0 0 |a FRI-report; no. 12 
500 0 0 |a Bibliography : p. 36 
500 0 0 |a Philippines-German Forest Resources Inventory Project PN 81.2161.8 
650 0 0 |a Forest surveys   |z Philippines 
650 0 0 |a Forests and forestry   |z Philippines   |x Remote sensing 
998 |a JPSM 
999 |a 0000004520   |b Monograph   |c Open Shelf   |e Default branch